000
00297nam a22001337a 4500
008
170310b xxu||||| |||| 00| 0 eng d
020
_a
0815176589
041
_a
eng
080
_a
616.5
100
_a
7
101
_a
SHM
245
_a
COLOR ATLAS OF LIVER DISEASE
_c
SHERLOCK. S
942
_2
udc
_c
BK
999
_c
7626
_d
7626